Snugglepot and cuddlepie 123 / (Record no. 7600)

MARC details
000 -LEADER
fixed length control field 00896nam a22002657a 4500
001 - CONTROL NUMBER
control field 7600
003 - CONTROL NUMBER IDENTIFIER
control field FISKH
005 - DATE AND TIME OF LATEST TRANSACTION
control field 20250725145737.0
008 - FIXED-LENGTH DATA ELEMENTS--GENERAL INFORMATION
fixed length control field 250725b cb ||||| |||| 00| 0 eng d
020 ## - INTERNATIONAL STANDARD BOOK NUMBER
International Standard Book Number 9781876411879
040 ## - CATALOGING SOURCE
Original cataloging agency FISKH
Language of cataloging eng
Transcribing agency FISKH
Modifying agency FISKH
050 ## - LIBRARY OF CONGRESS CALL NUMBER
Classification number PZ7
082 ## - DEWEY DECIMAL CLASSIFICATION NUMBER
Classification number 513.5
100 ## - MAIN ENTRY--PERSONAL NAME
Personal name Gibbs, May
245 ## - TITLE STATEMENT
Title Snugglepot and cuddlepie 123 /
Statement of responsibility, etc. coloured reproductions and adaptations f original illustrations by May Gibbs
260 ## - PUBLICATION, DISTRIBUTION, ETC.
Place of publication, distribution, etc. Sdyney :
Name of publisher, distributor, etc. Murray David Publishing,
Date of publication, distribution, etc. 2008.
300 ## - PHYSICAL DESCRIPTION
Extent 14 unnumbered pages : color illustrations ;
Dimensions 14 cm
505 ## - FORMATTED CONTENTS NOTE
Formatted contents note aa
520 ## - SUMMARY, ETC.
Summary, etc. This beautifully illustrated counting book encourages your toddler to learn to count to ten with May Gibbs' Gumnut Babies.
521 8# - TARGET AUDIENCE NOTE
Target audience note 40<br/>
Source exile estimate<br/>
521 8# - TARGET AUDIENCE NOTE
Target audience note aa<br/>
Source Raz-Plus<br/>
650 ## - SUBJECT ADDED ENTRY--TOPICAL TERM
Topical term or geographic name entry element Board Book
Form subdivision Children
General subdivision Paperback
942 ## - ADDED ENTRY ELEMENTS (KOHA)
Source of classification or shelving scheme Dewey Decimal Classification
Koha item type Books
Suppress in OPAC No
Holdings
Withdrawn status Lost status Source of classification or shelving scheme Damaged status Not for loan Collection Home library Current library Shelving location Date acquired Total Checkouts Full call number Barcode Date last seen Copy number Price effective from Koha item type
    Dewey Decimal Classification     Juvenile Fiction Footprints International School Library Network Toul Kork Campus Footprints International School Library Network Toul Kork Campus TK Primary Library Room(4th Floor), Bookcase 7, Shelves 57-60, Dark Green Books 07/25/2025   GIB 513.5 PZ7 2025-2889 07/25/2025 1 07/25/2025 Books